1387 1732 1062 1954 1147 1477 1874 1496 1741 1474 1369 1502 1346 1835 1166 1092 1789 1754 1175 1205 1835 1043 1931 1744 1528 1672 1482 1567 1972 1101 1056 1692 1018 1696 1152 1517 1583 1695 1099 1184 1657 1525 1030 1968 1494 1140 1263 1395 1278 1477 1992 1418 1555 1088 1552 1282 1129 1348 1900 1161 1384 1945 1134 1931 1429 1845 1401 1996 1375 1610 1356 1137 1700 1645 1801 1995 1108 1834 1277 1657 1170 1127 1764 1526 1206 1066 1028 1047 1689 1329 1499 1676 1261 1851 1272 1245 1008 1013 1495 BCNSPRNW ULIB Ver.6.0+V

เปลี่ยนเป็นภาษาไทย

Change to English
 แสดงรายละเอียดบรรณานุกรม
  กลับหน้าหลัก

Brief Record : Get Marc (ISO 2709) : E-mail record : QR code < ปิดหน้าต่าง
LEADER : 00000nam 2200000uu 4500
001    13399113619
003     ULIB
008    111124s2549||||th 000 0 tha d
020    ^a974943918X
090    ^aนว.^bN11H 2549
100 0  ^aNukan
245 00 ^aหนุ่มซึ้งสาวเซี้ยวเกี่ยวใจลุ้นรัก/^cNukan
250    ^aพิมพ์ครั้งที่ 1
260    ^aกรุงเทพฯ :^bเอนจอย,^c2549
300    ^a296 หน้า
710 1  ^aเอนจอย
945    ^p190^l0^i24693
995    ^aทศพร
999    ^aใช้งานได้ทุกระบบ
รายการนี้ยังไม่มีแท็ก
คุณยังไม่ได้ล็อกอิน คุณสามารถมีกิจกรรมร่วมกับเว็บไซต์ได้ แต่ต้องล็อกอินก่อน ::
  ล็อกอิน

รายการสื่อสารสนเทศ

ลำดับที่ ประเภท เลขเรียก/บาร์โค้ด สถานที่ สถานะ
1. นวนิยาย
นวนิยาย
นว. N11H 2549 ฉ.1 
  Barcode: 24693
ห้องสมุดวิทยาเขตสวรรค์ประชารักษ์
►นวนิยาย
บนชั้น
  ขอยืม

BibComment


ยังไม่เคยถูกคอมเมนท์

คอมเมนท์ทรัพยากรรายการนี้
  คอมเมนท์: หนุ่มซึ้งสาวเซี้..


 Copyright 2026. Bcnsprnw @Library